Spaanse Steden - Sudden death - Statistieken

Algemene statistieken
  • Deze quiz is 42 keer genomen
  • De gemiddelde score is 15 van 25
Answers on the Grid
Answers color-coded by a green-red scale on the quiz's grid according to % correct below.
Acapulco
Arrecife
Asyut
Badajoz
Benidorm
Bilbao
Burgos
Caceres
Cadiz
Fraga
Funchal
Granada
Jakarta
Kumamoto
L'Hospitalet de Llobregat
Lima
Madrid
Magaluf
Malaga
Manila
Marbella
Montevideo
Moundou
Oviedo
Pamplona
Pavlodar
Porto
Rio de Janeiro
Ryazan
Sacramento
Salamanca
San Marino
San Sebastian
Santa Cruz de Tenerife
Santander
Santiago de Compostela
Seville
Sucre
Taoyuan
Torremolinos
Tripoli
Valletta
Vigo
Zaragoza
 
Antwoordstatistieken
Antwoord % Correct
Madrid
93%
Marbella
93%
Bilbao
89%
Benidorm
85%
Malaga
81%
Seville
78%
Granada
74%
Pamplona
74%
Santa Cruz de Tenerife
70%
Zaragoza
70%
Cadiz
67%
San Sebastian
59%
Oviedo
56%
Salamanca
56%
Santander
52%
Burgos
48%
Santiago de Compostela
48%
L'Hospitalet de Llobregat
44%
Arrecife
41%
Torremolinos
41%
Vigo
41%
Magaluf
33%
Badajoz
30%
Caceres
26%
Fraga
7%
Geen overeenkomende quizzen gevonden
Scoreverdeling
Procent van Mensen met Elke Score
Percentiel versus Aantal Correcte Antwoorden
Uw Scoregeschiedenis
U heeft deze quiz nog niet genomen